Guía y aliento del alma viadora, para guiarla y alentarla a que camine a la ciudad de Dios y patria celestial, por el camino real de oración y perfeccion christiana. (Record no. 8744)
[ view plain ]
| 000 -CABECERA | |
|---|---|
| campo de control de longitud fija | 01013nam a2200277 a 4500 |
| 001 - NÚMERO DE CONTROL | |
| campo de control | BRCA_9094 |
| 003 - IDENTIFICADOR DEL NÚMERO DE CONTROL | |
| campo de control | FranzMayer |
| 005 - FECHA Y HORA DE LA ÚLTIMA TRANSACCIÓN | |
| campo de control | 20230726112016.0 |
| 008 - DATOS DE LONGITUD FIJA--INFORMACIÓN GENERAL | |
| campo de control de longitud fija | 021017s1682----be-#######---#000-0#spa-# |
| 040 ## - FUENTE DE LA CATALOGACIÓN | |
| Centro catalogador/agencia de origen | MFM |
| Lengua de catalogación | esp |
| Centro/agencia transcriptor | MFM |
| 041 ## - CÓDIGO DE LENGUA | |
| Código de lengua del texto/banda sonora o título independiente | spa |
| 044 ## - CÓDIGO DEL PAÍS DE LA ENTIDAD EDITORA/PRODUCTORA | |
| Código MARC del país | be |
| 050 #4 - SIGNATURA TOPOGRÁFICA DE LA BIBLIOTECA DEL CONGRESO | |
| Número de clasificación | DCON8 |
| Número de documento/Ítem | P35 1682 |
| 082 ## - NÚMERO DE LA CLASIFICACIÓN DECIMAL DEWEY | |
| Número de edición | BX2186 |
| 100 1# - ENTRADA PRINCIPAL--NOMBRE DE PERSONA | |
| Nombre de persona | Palafox y Mendoza, Juan de |
| Fechas asociadas al nombre | 1600-1659 |
| 9 (RLIN) | 449 |
| 245 10 - MENCIÓN DE TÍTULO | |
| Título | Guía y aliento del alma viadora, para guiarla y alentarla a que camine a la ciudad de Dios y patria celestial, por el camino real de oración y perfeccion christiana. |
| 260 ## - PUBLICACIÓN, DISTRIBUCIÓN, ETC. | |
| Lugar de publicación, distribución, etc. | Bruselas |
| Nombre del editor, distribuidor, etc. | Juan Baptista Verdussen |
| Fecha de publicación, distribución, etc. | [1682] |
| 300 ## - DESCRIPCIÓN FÍSICA | |
| Extensión | [14], 568 p. |
| Dimensiones | 15 cm. |
| 500 ## - NOTA GENERAL | |
| Nota general | Donado por la Mtra. Marta Turok Wallace, 29-feb.-2016. Este libro pertenecía a la col. Ruth Lechuga ahora pasa al Fondo Conventual |
| 500 ## - NOTA GENERAL | |
| Nota general | Estado físico : cintas rotas |
| 500 ## - NOTA GENERAL | |
| Nota general | Número de control : 00009 |
| 650 14 - PUNTO DE ACCESO ADICIONAL DE MATERIA--TÉRMINO DE MATERIA | |
| Término de materia o nombre geográfico como elemento de entrada | Teología espiritual |
| Subdivisión cronológica | Siglo XVII |
| 9 (RLIN) | 22472 |
| 650 14 - PUNTO DE ACCESO ADICIONAL DE MATERIA--TÉRMINO DE MATERIA | |
| Término de materia o nombre geográfico como elemento de entrada | Misticismo |
| 9 (RLIN) | 17692 |
| 902 ## - CATALOGADOR | |
| Iniciales | DCON |
| 942 ## - ELEMENTOS DE PUNTO DE ACCESO ADICIONAL (KOHA) | |
| Fuente del sistema de clasificación o colocación | Library of Congress Classification |
| Tipo de ítem Koha | Libros |
| Estado de retiro | Estado de pérdida | Fuente del sistema de clasificación o colocación | Estado dañado | No para préstamo | Código de colección | Localización permanente | Ubicación/localización actual | Fecha de adquisición | Fuente de adquisición | Total de préstamos | Signatura topográfica completa | Código de barras | Fecha visto por última vez | Precio válido a partir de | Tipo de ítem Koha |
|---|---|---|---|---|---|---|---|---|---|---|---|---|---|---|---|
| El ejemplar forma parte de la colección y puede ser consultado según las políticas vigentes. | Library of Congress Classification | Conventual Franz Mayer | Biblioteca del Museo Franz Mayer (Rogerio Casas-Alatriste) | Biblioteca del Museo Franz Mayer (Rogerio Casas-Alatriste) | 02/10/2017 | Donación | DCON8 P35 1682 (00009) | DCON00008 | 22/03/2019 | 22/03/2019 | Libros |